Normal view
MARC view
Entry Topical Term
001 - CONTROL NUMBER
- control field: 50148
003 - CONTROL NUMBER IDENTIFIER
- control field: ARRUPE
005 - DATE AND TIME OF LATEST TRANSACTION
- control field: 20210311101825.0
008 - FIXED-LENGTH DATA ELEMENTS
- fixed length control field: 210311|| aca||aabn | a|a d
040 ## - CATALOGING SOURCE
- Original cataloging agency: ARRUPE
- Transcribing agency: ARRUPE
150 ## - HEADING--TOPICAL TERM
- General subdivision: Military
670 ## - SOURCE DATA FOUND
- Source citation: Work cat.: (ARRUPE): Van Creveld, martin 50147, The culture of war, 2008